El fascinante mundo de las matemáticas / (Registro nro. 37627)

Detalles MARC
000 -CABECERA
Longitud fija campo de control 01234nam a2200313 a 4500
003 - • IDENTIFICADOR DELl NÚMERO DE CONTROL
Identificador del número de control CO-ViMGA
005 - • FECHA Y HORA DE LA ÚLTIMA TRANSACCIÓN
Fecha y hora de la última transacción 20230915234240.0
008 - • CÓDIGOS DE INFORMACIÓN DE LONGITUD FIJA
Códigos de información de longitud fija 070123s2006 mx a jr 0001j spa d
040 ## - FUENTE DE LA CATALOGACIÓN
Centro catalogador de origen CO-ViMGA
Lengua de catalogación spa
Centro transcriptor CO-ViMGA
041 1# - • CÓDIGO DE LENGUA
Código de lengua original eng
082 04 - • NÚMERO DE LA CLASIFICACIÓN DECIMAL DEWEY
Número de clasificación (R) I510
Número del ítem L15f
Número de edición 19 ed.
100 1# - • PUNTO DE ACCESO PRINCIPAL-NOMBRE DE PERSONA
Nombre de persona Langdon, Nigel.
245 13 - • TITULO PROPIAMENTE DICHO
Título El fascinante mundo de las matemáticas /
Mención de responsabilidad, etc. Nigel Langdon, Charles Snape ; versión española Oscar Palmas Velasco ; ilustraciones de San Cardy, Sean McGarry y Juliet Stanwell Smith.
300 ## - • DESCRIPCIÓN FÍSICA
Extensión 52 p. :
Otras características físicas il. ;
Dimensiones 28 cm.
490 ## - • MENCIÓN DE SERIE
Mención de serie Biblioteca cientifica para niños y jovenes
534 ## - • Nota De Versión Original
-- Título original. :
Título A way with maths.
650 14 - • PUNTO DE ACCESO ADICIONAL DE MATERIA - TÉRMINO DE MATERIA
Término de materia o nombre geográfico como elemento inicial Matemáticas
Subdivisión de forma Literatura juvenil.
650 14 - • PUNTO DE ACCESO ADICIONAL DE MATERIA - TÉRMINO DE MATERIA
Término de materia o nombre geográfico como elemento inicial Matemáticas
Subdivisión de forma Problemas, ejercicios, etc.
650 16 - • PUNTO DE ACCESO ADICIONAL DE MATERIA - TÉRMINO DE MATERIA
Término de materia o nombre geográfico como elemento inicial Juegos matemáticos
Subdivisión de forma Literatura juvenil.
650 16 - • PUNTO DE ACCESO ADICIONAL DE MATERIA - TÉRMINO DE MATERIA
Término de materia o nombre geográfico como elemento inicial Números
Subdivisión de forma Literatura juvenil.
700 12 - • PUNTO DE ACCESO ADICIONAL - NOMBRE DE PERSONA
Nombre de persona Cardy, San,
Término indicativo de función il.
700 12 - • PUNTO DE ACCESO ADICIONAL - NOMBRE DE PERSONA
Nombre de persona McGarry, Sean,
Término indicativo de función il.
700 12 - • PUNTO DE ACCESO ADICIONAL - NOMBRE DE PERSONA
Nombre de persona Palmas Velasco, Oscar A.,
Término indicativo de función tr.
700 12 - • PUNTO DE ACCESO ADICIONAL - NOMBRE DE PERSONA
Nombre de persona Smith, Juliet Stanwell,
Término indicativo de función il.
700 12 - • PUNTO DE ACCESO ADICIONAL - NOMBRE DE PERSONA
Nombre de persona Snape, Charles.
942 ## - ENTRADA DE ELEMENTOS AGREGADOS (KOHA)
Fuente de clasificaión o esquema Dewey Decimal Classification
Koha [por defecto] tipo de item LIbro
Existencias
Perdido Fuente de clasificación o esquema Estado Físico No para préstamo Forma de adquisición Localización permanente Localización actual Fecha adquisición Préstamos totales Signatura completa Código de barras Fecha última consulta Número de copia Fecha del precio de reemplazo Tipo de item de Koha
  Dewey Decimal Classification     Sala Infantil Segundo Piso Biblioteca Pública Germán Arciniegas - Villavicencio Biblioteca Pública Germán Arciniegas - Villavicencio 10/19/2016   I510 L15f 31318 10/19/2016 Ej. 1 10/19/2016 LIbro









Instituto Departamental de Cultura del Meta - Red Departamental de Bibliotecas Públicas del Meta.